Zelda BotW: Alle Waffen, Bögen, Schilde - Statistiken

Allgemein
  • Dieses Quiz wurde 66 mal gespielt
  • Das Durchschnittsergebnis liegt bei 74 aus 193
Antwortstatistiken
Hinweis Antwort % Korrekt
Einhänder Master-Schwert
79%
Königsschwert
77%
Schilde Hylia-Schild
69%
Königsbogen
69%
Ritterschwert
69%
Königsschild
67%
Eisstab
64%
Elektrostab
64%
Königs-Zweihänder
64%
Ritterschild
64%
Bombenpfeil
62%
Eispfeil
62%
Elektropfeil
62%
Feuerpfeil
62%
Stäbe Feuerstab
62%
Mehrschuss-Bögen Leunenbogen
62%
Antiker Pfeil
59%
Gardeschwert
59%
Meteorstab
59%
Ritterbogen
59%
Ritter-Zweihänder
59%
Soldatenschwert
59%
Gardeschild
56%
Bögen Lichtbogen
56%
Reiseschwert
56%
Garde-Bogen
54%
Pfeile Holzpfeil
54%
Leunenschwert
54%
Reisebogen
54%
Antikes Schwert
51%
Bokbogen
51%
Bokschild
51%
Bokstock
51%
Eisschwert
51%
Feuerschwert
51%
Lichtpfeil
51%
Reiseschild
51%
Soldatenschild
51%
Elektroschwert
49%
Garde-Zweihänder
49%
Leunenschild
49%
Topfdeckel
49%
Wächter-Schwert
49%
Wächter-Schwert +
49%
Wächter-Schwert ++
49%
Antiker Bogen
46%
Blitzstab
46%
Chimärenschwert
46%
Gerudo-Messer
46%
Gerudo-Schild
46%
Rute
46%
Soldatenlanze
46%
Waldschwert
46%
Zora-Schwert
46%
Adlerbogen
44%
Bergspalter
44%
Bestienbogen
44%
Bestienschild
44%
Chimärenbogen
44%
Gerudo-Bogen
44%
Königs-Hellebarde
44%
Leunenlanze
44%
Reiselanze
44%
Reise-Zweihänder
44%
Soldatenbogen
44%
Soldaten-Zweihänder
44%
Steinspalter
44%
Verrostetes Schwert
44%
Zora-Lanze
44%
Zora-Schild
44%
Antike Lanze
41%
Antiker Schild
41%
Echsalbogen
41%
Echsalbumerang
41%
Echsalschild
41%
Eis-Großschwert
41%
Elektro-Großschwert
41%
Falkenbogen
41%
Feuer-Großschwert
41%
Gerudo-Zweihänder
41%
Holzschild
41%
Lichtschuppenlanze
41%
Mobkeule
41%
Polarstab
41%
Ritter-Hellebarde
41%
Schatzschild
41%
Waldbogen
41%
Antikes Großschwert
38%
Bestienschwert
38%
Bokkeule
38%
Boklanze
38%
Chimärenschild
38%
Doppelschussbogen
38%
Eislanze
38%
Elektrolanze
38%
Fackel
38%
Feuerlanze
38%
Garde-Hellebarde
38%
Zweihänder Krog-Fächer
38%
Wächter-Lanze
38%
Wächter-Lanze +
38%
Wächter-Lanze ++
38%
Zora-Bogen
38%
Duo-Echsalbumerang
36%
Felsenspalter
36%
Fischschild
36%
Gerudo-Lanze
36%
Holzbogen
36%
Holzfälleraxt
36%
Knochen-Bokschild
36%
Moblanze
36%
Schatzsäbel
36%
Schwalbenbogen
36%
Wächter-Axt
36%
Wächter-Axt +
36%
Wächter-Axt ++
36%
Waldlanze
36%
Waldschild
36%
Bestienlanze
33%
Bumerang
33%
Chimären-Großschwert
33%
Chimärenlanze
33%
Eisenhammer
33%
Erzbohrer
33%
Heugabel
33%
Knochen-Mobkeule
33%
Leunen-Großschwert
33%
Amiibo-Bogen Schattenbogen
33%
Stachel-Bokstock
33%
Trio-Echsalbumerang
33%
Wächter-Schild
33%
Wächter-Schild +
33%
Wächter-Schild ++
33%
Bestien-Großschwert
31%
Hasenschild
31%
Knochen-Bokkeule
31%
Knochen-Bokstock
31%
Knochen-Moblanze
31%
Kopfsammler
31%
Stachel-Bokbogen
31%
Stachel-Bokkeule
31%
Stachel-Mobkeule
31%
Verrostete Hellebarde
31%
Lanzen Wischmopp
31%
Zora-Großschwert
31%
Knochen-Bokbogen
28%
Knochen-Boklanze
28%
Meisteraxt
28%
Schuppenlanze
28%
Stachel-Bokschild
28%
Verrosteter Schild
28%
Windklinge
28%
Zanshin-Langschwert
28%
Erweiterungpass-Einhänder Zerstörer
28%
Echsallanze
26%
Eisvogelschwert
26%
Hacke
26%
Holzkelle
26%
Ruder
26%
Amiibo-Einhänder Schwert
26%
Stachel-Boklanze
26%
Stachel-Moblanze
26%
Starker Echsalbogen
26%
Starker Echsalschild
26%
Echsalfos-Knochen
23%
Scherzhammer
23%
Sonnenschild
23%
Stahl-Echsalschild
23%
Tierschild
23%
Zanshin-Kurzschwert
23%
Bokblin-Knochen
21%
Großer Bumerang
21%
Moblin-Knochen
21%
Mondsäbel
21%
Mushin-Großschwert
21%
Stahl-Echsalbogen
21%
Amiibo-Zweihänder Biggoron-Schwert
18%
Dämonenring
18%
Duo-Echsallanze
18%
Isshin-Bogen
18%
Rostiger Zweihänder
18%
Elsternlanze
15%
Fischerharpune
15%
Goshin-Schild
15%
Schild der Winde
15%
Wurfspeer
15%
Grimmige-Gottheit-Klinge
13%
Amiibo-Schild Heldenschild
13%
Seewind-Bumerang
10%
Starke Echsallanze
10%
Sanda-Lanze
8%
Schwert der Weisen
8%
Weißes Schwert
8%
Keine übereinstimmenden Quizze gefunden
Verteilung der Resultate
Anzahl Personen mit jedem Resultat
Perzentil nach korrekt beantworteten Fragen
Ihre Resultats-Entwicklung
Sie haben dieses Quiz noch nicht gespielt